Serveis informatius per als usuaris de la informació : directrius per als bibliotecaris - documentalistes / estudi preliminar i traducció catalana a cura de Nora Vela directrius per als bibliotecaris - documentalistes / estudi preliminar i traducció catalana a cura de Nora Vela
ISBN:
84-7794-166-1
Descripción Física:
39 p. ; 21 cm
Otros Autores:
Vela, Nora, tr
MARC
| LEADER | 00000nam a2200000Ia 4500 | ||
|---|---|---|---|
| 001 | 9556 | ||
| 008 | 160829s1991 xx 000 0 cat d | ||
| 020 | |a 84-7794-166-1 | ||
| 080 | |a FU-10-46 | ||
| 245 | |a Serveis informatius per als usuaris de la informació : |b directrius per als bibliotecaris - documentalistes / estudi preliminar i traducció catalana a cura de Nora Vela | ||
| 260 | |a Barcelona : |b Xarxa de Biblioteques Populars, Diputació de Barcelona, |c 1991 | ||
| 300 | |a 39 p. ; |c 21 cm | ||
| 650 | |a Biblioteques |x Serveis de referència |9 32843 | ||
| 650 | |a Biblioteconomia |x Ensenyament |9 32844 | ||
| 650 | |a Documentació |x Ensenyament |9 32845 | ||
| 700 | |a Vela, Nora, tr. |9 32847 | ||
| 710 | 1 | |a Barcelona (Catalunya : Província). |b Xarxa de Biblioteques Populars |9 53849 | |
| 901 | |a Arxiu | ||
| 942 | |n 1 | ||
| 952 | |0 0 |1 0 |4 0 |6 FU1046 |7 1 |9 46122 |a Arxiu |b Arxiu |d 2016-12-01 |l 0 |o FU-10-46 |p 9556 |r 2016-12-01 00:00:00 |w 2016-12-01 |y ARXIU | ||
| 999 | |c 49624 |d 49624 | ||